000 00545nam a2200193Ia 4500
003 GCL
008 140319s9999 xx 000 0 ara d
040 _aGCL /
_cGCL
082 0 4 _aط
_b813.02
_bع غ
100 1 _aعمر الصاوى
245 1 0 _aالغابة تبكى وتضحك /
_cعمر الصاوى
300 _a16 ص
490 _aمحكمة الحيوانات
_v0
650 0 4 _aالقصص القصيرة
650 0 4 _aالاطفال
650 0 4 _aقصص الاطفال
650 0 4 _aالحيوانات - قصص
942 _2ddc
_cBK
999 _c50870
_d50870